| 000 | 00653cab a2200193 4500 | ||
|---|---|---|---|
| 001 | ABS37766 | ||
| 008 | 090401t1987 xxu||||| |||| 00| 0 eng d | ||
| 035 | _a(Sirsi) u6658 | ||
| 041 | _aeng | ||
| 100 | _aMugurian, G.H. | ||
| 245 | _aResolution of disputes | ||
| 260 | _c1987 | ||
| 350 | _a0 | ||
| 490 |
_aCivil Engineering Surveyor _v12(5) June 1987, 16-18(3) |
||
| 520 | _aIn this paper, the author explains what arbitration is, how it works and answers questions on the arbitral procedure. | ||
| 690 | _aMANAGEMENT-DISPUTE AVOIDANCE, MANAGEMENT AND RESOLUTION-DISPUTE MANAGEMENT AND RESOLUTION-ARBITRATION | ||
| 942 | _n0 | ||
| 948 | _c04/03/1997 | ||
| 999 |
_c3969 _d3969 |
||